000 00722cam a2200217 i 4500
999 _c110585
_d110585
001 18207009
005 20190131100302.0
008 140630s2015 njua b 001 0 eng
020 _a9781118356937 (hardback)
040 _cPK-LaUMT
082 0 0 _a658.408
_223
_bPIL-D
100 1 _aPilot, Jayne
245 1 0 _aDriving sustainability to business success :
_bthe DS factor management system integration and automation /
_cJayne Pilot
260 _aHoboken :
_bJohn Wiley,
_c2015
300 _axv, 350 p. :
_billustrations ;
_c23 cm.
490 0 _aWiley corporate F&A series
650 0 _aOrganizational effectiveness.
650 0 _aManagement.
650 7 _aBUSINESS & ECONOMICS / Accounting / General.
942 _cBK